000 00537nam a2200193 i 4500
001 150904
003 ES-MaACL
005 20251014063213.0
007 t|
008 071119s1959 xxk ||||1| eng d
100 1 _aChristie, Agatha,
_d1890-1976
_938657
245 1 0 _aTaken at the flood /
_cby Agatha Christie.
260 _aLondon :
_bCollins,
_c1959.
300 _a192 p. ;
_c18 cm.
490 1 _aThe crime club
830 0 _aThe crime club
_9187617
852 _aES-MaACL
_jC-18779
_bR.46234
999 _c150904
_d150904